00571nam a2200109Ia 4500008004100000100001700041245004900058260003600107650001400143650026000157856004400417171212s9999 xx 000 0 und d aNelson, Cary cNelson, CaryaManifesto of a Tenured Radical bNew York University Pressc1997 aEducation aEducation, Higher -- Aims and objectives -- United States; English philology -- Study and teaching (Higher) -- United States; Humanities -- Study and teaching (Higher) -- United States; Critical pedagogy -- United States; Canon (Literature); College teach uhttp://www.jstor.org/stable/j.ctt9qfqdk